100 partes do Corpo Humano - Statistics

Estatísticas Gerais
  • Esse quiz foi jogado 1 859 vezes
    1 848 desde o último reset
  • A pontuação média é 48 de 100
Estatísticas das Respostas
Resposta % Correto
96%
Olho
90%
Coração
88%
Dedo
88%
Nariz
88%
Boca
86%
Braço
84%
Cabelo
84%
Pulmão
84%
Unha
84%
Pênis
82%
Joelho
81%
Mão
81%
Orelha
80%
Dente
79%
Vagina
79%
Cérebro
78%
Fígado
78%
Intestino grosso
78%
Língua
78%
Intestino delgado
77%
Perna
77%
Cabeça
76%
Estômago
75%
Rim
74%
Ânus
71%
Ombro
70%
Pescoço
68%
Pele
67%
Barriga
66%
Bexiga
66%
Coxa
66%
Veia
66%
Cotovelo
65%
Pâncreas
65%
Osso
63%
Cílio
59%
Faringe
58%
Sobrancelha
58%
Ouvido
57%
Pelo
57%
Útero
57%
Baço
56%
Esôfago
56%
Laringe
56%
Arteria
55%
Sangue
52%
Costela
51%
Garganta
50%
Bochecha
49%
Panturrilha
48%
Seio
47%
Umbigo
47%
Calcanhar
46%
Fêmur
45%
Testa
44%
Tornozelo
43%
Vesícula biliar
43%
Lábio
42%
Testículo
42%
Ovário
41%
Queixo
39%
Pulso
37%
Axila
34%
Nádegas
33%
Íris
32%
Mamilo
32%
Apêndice
31%
Cerebelo
31%
Nuca
29%
Gengiva
28%
Quadril
28%
Virilha
25%
Cintura
24%
Pálpebra
24%
Água
22%
Coluna vertebral
21%
Próstata
20%
Vulva
20%
Tronco
19%
Articulação
18%
Tireoide
18%
Neurônio
17%
Óvulo
15%
Oxigênio
15%
Rosto
15%
Espermatozoide
13%
Peitoral
13%
Saco escrotal
13%
Trompas
12%
Cóccix
10%
Couro cabeludo
10%
Potássio
5%
Testosterona
4%
Suco gástrico
3%
Estrogênio
2%
Glicose
2%
Glândulas sudoríparas
1%
Enzimas hepáticas
0%
Triglicerídeos
0%
Nenhum quiz correspondente encontrado
Distribuição das Pontuações
Porcentagem de Pessoas com Cada Pontuação
Percentil de Números Respondidos
Sua Pontuação Histórica
Você não jogou esse quiz desde o último reset